Aesthetic headaches : women and a masculine poetics in Poe, Melville, and Hawthorne /

Bibliographic Details
Main Author: Person, Leland S.
Format: Book
Language:English
Published: Athens : University of Georgia Press, [1988]
Subjects:

MARC

Tag First Indicator Second Indicator Subfields
LEADER 00000cam a2200000 a 4500
001 in00000032376
005 20151007060511.0
008 870612s1988 gau b 00110 eng
010 |a  87012536  
020 |a 0820309850 (alk. paper) 
035 |a (OCoLC)16226791 
035 |9 AAC0998AM 
040 |a DLC  |c DLC  |d TXA  |d UtOrBLW 
043 |a n-us--- 
049 |a TXAM  |c [A11508628] 
050 0 0 |a PS374.W6  |b P47 1988 
082 0 |a 813/.3/09352042  |2 19 
100 1 |a Person, Leland S. 
245 1 0 |a Aesthetic headaches :  |b women and a masculine poetics in Poe, Melville, and Hawthorne /  |c Leland S. Person, Jr. 
264 1 |a Athens :  |b University of Georgia Press,  |c [1988] 
264 4 |c ©1988 
300 |a xi, 196 pages ;  |c 25 cm. 
336 |a text  |b txt  |2 rdacontent 
337 |a unmediated  |b n  |2 rdamedia 
338 |a volume  |b nc  |2 rdacarrier 
504 |a Bibliography: pages 177-193. 
500 |a Includes index. 
650 0 |a American fiction  |y 19th century  |x History and criticism. 
650 0 |a American fiction  |x Men authors  |x History and criticism. 
650 0 |a Women in literature. 
650 0 |a Sex role in literature. 
600 1 0 |a Poe, Edgar Allan,  |d 1809-1849  |x Characters  |x Women. 
600 1 0 |a Melville, Herman,  |d 1819-1891  |x Characters  |x Women. 
600 1 0 |a Hawthorne, Nathaniel,  |d 1804-1864  |x Characters  |x Women. 
999 |a MARS 
999 f f |s f5ef09b6-20f2-380b-a6c8-63e3cef87d09  |i 0b5187b9-3655-3e13-aa2a-cd13c2b89897  |t 0 
952 f f |p ric  |a Texas A&M University  |b Rellis Campus  |c Joint Library Facility  |d Remote Storage  |t 0  |e PS374.W6 P47 1988  |h Library of Congress classification  |i unmediated -- volume  |m A14811508628 
998 f f |a PS374.W6 P47 1988  |t 0  |l Remote Storage